000 00623nam a22002057a 4500
005 20130710173422.0
010 _aENG-107931
020 _c795.00
_a9788180387630
035 _aEN-91464
037 _bDBAD/PUB
245 0 0 _aKhergamvala on the Negotiable Instruments Act /
_crevised by B.M. Prasad [and] Manish Mohan
250 _a21th ed
260 _aGurgaon
_bLexis Nexis
_c2013
270 _a14th Floor, Bldg. No.10, Tower-B, DLF Cyber City, Phase-II
_bGurgaon
_e122002
300 _alxxxvi, 668p.
_c24cm(pbk)
500 _aIncludes index
700 _aB.M. Prasad
700 _aManish Mohan
942 _2ddc
_cEN
_mKHE
999 _c77370
_d77370